00249nam a22000857a 4500082001700000100002100017245008600038260002900124300001000153 aTNC A99 M896 aMukerji, Bithika aLife and Teachings of Sri Ma Anandamayi :bA bird on the wingcby Bithika Mukerji aDelhibSri satguruc1997 a347p.